Concorrenti di "LOL - Chi ride è fuori" - Statistics

Statistiche generali
  • Questo quiz è stato fatto 82 volte
    58 dall'ultimo reset
  • Il punteggio medio è 20 su 41
Statistiche sulle risposte
I. Edizione Sesso Concorrente % Corretto
1° edizione uomo Frank Matano
89%
1° edizione uomo Elio
85%
1° edizione uomo Angelo Pintus
83%
1° edizione uomo Ciro Priello
75%
1° edizione donna Katia Follesa
74%
1° edizione uomo Lillo
74%
2° edizione uomo Maccio Capatonda
74%
1° edizione uomo Gianluca "Fru" Colucci
72%
1° edizione donna Michela Giraud
70%
1° edizione donna Caterina Guzzanti
68%
2° edizione uomo Corrado Guzzanti
68%
4° edizione uomo Fedez
62%
4° edizione uomo Diego Abatantuono
60%
2° edizione uomo Mago Forest
58%
1° edizione uomo Luca Ravenna
55%
2° edizione uomo Max Angioni
55%
3° edizione uomo Luca Bizzarri
53%
3° edizione uomo Paolo Kessisoglu
53%
2° edizione donna Virginia Raffaele
51%
4° edizione donna Aurora Leone
47%
3° edizione donna Herbert Ballerina
47%
3° edizione uomo Fabio Balsamo
43%
2° edizione donna Diana Del Bufalo
42%
4° edizione uomo Giorgio Panariello
42%
2° edizione donna Maria Di Biase
40%
3° edizione uomo Nino Frassica
40%
2° edizione donna Tess Masazza
40%
4° edizione uomo Edoardo Ferrario
34%
4° edizione donna Lucia Ocone
34%
4° edizione donna Angela Finocchiaro
32%
3° edizione donna Brenda Lodigiani
28%
4° edizione uomo Claudio Santamaria
28%
3° edizione donna Marina Massironi
28%
4° edizione uomo Rocco Tanica
28%
2° edizione donna Alice Mangione
26%
2° edizione uomo Gianmarco Pozzoli
26%
3° edizione uomo Paolo Cevoli
26%
4° edizione uomo Loris Fabiani
25%
4° edizione uomo Maurizio Lastrico
23%
3° edizione uomo Cristiano Caccamo
19%
3° edizione donna Marta Filippi
9%
Nessun quiz corrispondente trovato
Distribuzione punteggi
Percentuale di utenti per punteggio
Percentile per numero di risposta
I tuoi punteggi nel tempo
Non hai fatto questo quiz dall'ultimo reset